Music Quiz

Random Music Quiz

Slight Figure of Speech Lyrics Quiz Stats

 Plays Quiz not verified by Sporcle

Also try: Previous 5 Words
Challenge
Share
Tweet
Embed
Score 0/281 Timer 10:00
0 Plays Today
Hint Answer % Correct
a
95.7%
the
95.7%
a
95.7%
and
95.7%
and
95.7%
the
95.7%
A
95.7%
and
95.7%
and
95.7%
a
95.7%
a
95.7%
a
95.7%
a
95.7%
and
95.7%
and
95.7%
the
95.7%
A
95.7%
and
95.7%
a
95.7%
the
95.7%
A
95.7%
and
95.7%
to
93.6%
to
93.6%
to
93.6%
you
93.6%
to
93.6%
you
93.6%
you
93.6%
to
93.6%
you
93.6%
to
93.6%
you
93.6%
to
93.6%
you
93.6%
to
93.6%
to
93.6%
to
93.6%
you
93.6%
you
93.6%
to
93.6%
you
93.6%
to
93.6%
They
89.4%
They
89.4%
of
89.4%
They
89.4%
They
89.4%
They
89.4%
of
89.4%
they
89.4%
go
89.4%
of
89.4%
go
89.4%
they
89.4%
of
89.4%
They
89.4%
say
87.2%
got
87.2%
say
87.2%
say
87.2%
slight
85.1%
figure
85.1%
my
85.1%
my
85.1%
slight
85.1%
figure
85.1%
my
85.1%
my
85.1%
my
85.1%
slight
85.1%
figure
85.1%
my
85.1%
lose
83%
is
83%
speech
83%
Is
83%
speech
83%
is
83%
be
83%
is
83%
be
83%
be
83%
speech
83%
Is
83%
couple
80.9%
win
80.9%
where
80.9%
that
80.9%
where
80.9%
that
80.9%
it
80.9%
that
80.9%
it
80.9%
Hint Answer % Correct
that
80.9%
it
80.9%
it
80.9%
it
80.9%
it
80.9%
it
80.9%
no
80.9%
it
80.9%
wide
78.7%
open
78.7%
wide
78.7%
open
78.7%
wide
78.7%
open
78.7%
you've
76.6%
fights
76.6%
It's
76.6%
this
76.6%
it's
76.6%
cut
76.6%
cut
76.6%
cut
76.6%
It's
76.6%
it's
76.6%
fight
76.6%
cut
76.6%
tell
74.5%
from
74.5%
I'm
74.5%
I
74.5%
I
74.5%
was
74.5%
I
74.5%
chest
74.5%
us
74.5%
I
74.5%
was
74.5%
I
74.5%
I
74.5%
time
74.5%
I
74.5%
us
74.5%
I
74.5%
chest
74.5%
us
74.5%
I
74.5%
was
74.5%
I
74.5%
I
74.5%
time
74.5%
I
74.5%
I
74.5%
I
74.5%
I
74.5%
I
74.5%
chest
74.5%
us
74.5%
I
74.5%
was
74.5%
sitting
72.3%
fun
72.3%
begins
72.3%
come
72.3%
watch
72.3%
bleed
72.3%
like
72.3%
now
72.3%
big
72.3%
come
72.3%
watch
72.3%
bleed
72.3%
like
72.3%
now
72.3%
big
72.3%
come
72.3%
watch
72.3%
bleed
72.3%
like
72.3%
now
72.3%
hard
70.2%
hoping
70.2%
never
70.2%
take
70.2%
hoping
70.2%
never
70.2%
hoping
70.2%
Don't
68.1%
your
68.1%
there
68.1%
don't
68.1%
change
66%
What
66%
what
66%
what
66%
Hint Answer % Correct
what
66%
what
66%
quitting
63.8%
said
63.8%
hair
63.8%
guess
61.7%
hope
61.7%
went
61.7%
business
61.7%
bought
61.7%
tickets
61.7%
did
61.7%
did
61.7%
me
61.7%
Did
61.7%
can
61.7%
me
61.7%
jet
61.7%
plane
61.7%
me
61.7%
will
59.6%
expect
59.6%
will
59.6%
idea
59.6%
forget
55.3%
on
55.3%
can't
55.3%
place
51.1%
But
51.1%
think
51.1%
over
51.1%
but
51.1%
catch
48.9%
let
46.8%
let
46.8%
let
46.8%
so
46.8%
jump
46.8%
trail
46.8%
or
44.7%
or
44.7%
sea
44.7%
want
42.6%
am
40.4%
hot
40.4%
won't
38.3%
I've
38.3%
not
38.3%
not
38.3%
mine
38.3%
again
38.3%
won't
38.3%
art
36.2%
art
36.2%
live
36.2%
regret
36.2%
art
36.2%
find
34%
with
31.9%
assess
31.9%
how
31.9%
color
31.9%
town
31.9%
chance
31.9%
enemy
31.9%
through
31.9%
Are
29.8%
stop
29.8%
around
29.8%
you're
29.8%
just
29.8%
give
29.8%
home
29.8%
each
27.7%
step
27.7%
been
27.7%
become
27.7%
those
27.7%
must
25.5%
becomes
25.5%
progression
25.5%
manifest
25.5%
agression
25.5%
pathetically
25.5%
'cause
25.5%
dumb
23.4%
attack
23.4%
accept
21.3%
true
21.3%
gone
21.3%
besides
17%
ask
12.8%
ifs
12.8%

You're not logged in!

Compare scores with friends on all Sporcle quizzes.
Join for Free
OR
Log In

You Might Also Like...

Show Comments

Extras

Created Oct 3, 2014ReportNominate
Tags:Avett Brothers

Top Quizzes Today


Score Distribution

Your Account Isn't Verified!

In order to create a playlist on Sporcle, you need to verify the email address you used during registration. Go to your Sporcle Settings to finish the process.

Report this User

Report this user for behavior that violates our Community Guidelines.

Details: